000 00915nam a2200277 i 4500
003 EG-GICUC
005 20260408094717.0
008 260408s1953 fr ||||fr|||| 00| 0 fre d
040 _aEG-GiCUC
_cEG-GiCUC
_dEG-GiCUC
_erda
_bfre
082 0 4 _221
_a341.48
_bHU
092 0 4 _221
099 _aLaw1 11 341.48 HU 1953
245 0 0 _aHumanisme Et Éducation en Orient Et en Occident :
_bEntretien International Organise Par L'unesco Copy to Clipboard Share Download Text Clear.
264 3 _aParis :
_bPresses De Foh,
_c1953.
300 _a245 pages :
_billustrations,
_c24 cm
336 _2rda content
_atext
337 _2rda media
_aComputer
338 _2rda carrier
_aOnline Resource
504 _a
546 _aTexte en français
650 1 _2
_aDroit international public
651 1 _2
856 4 0 _uhttps://fll.law.cu.edu.eg/fulltext/bks/B11-05546.pdf
905 _a50
942 _2ddc
_cBK
_e21
_n0
999 _c69547
_d69547